| 000 | 00555nam a2200169Ia 4500 | ||
|---|---|---|---|
| 008 | 220216s9999 xx 000 0 und d | ||
| 100 | _aJoseph K.[a] | ||
| 245 | 0 | _aIn vitro studies on the antagonistic effect of Streptomyces lydicus against Phytophthora meadii | |
| 260 |
_bIRRDB Symposium on Diseases of Hevea, 21-22 November 1994, Cochin, India, pp. 74-77 _c1994 |
||
| 300 | _a74-77 | ||
| 650 | _aAntagonism | ||
| 650 | _aPhytophthora meadii | ||
| 650 | _aStreptomyces lydicus | ||
| 700 | _aKothandaraman R. | ||
| 700 | _aMathew J. | ||
| 942 | _cBS | ||
| 999 |
_c50387 _d50387 |
||